Ảnh nghệ thuật: Nông thôn An Giang '93 = Art photos AnGiang countryside 1993
Shranjeno v:
| Format: | Knjiga |
|---|---|
| Jezik: | Undetermined |
| Izdano: |
[An Giang]
[Nxb An Giang]
1993
|
| Teme: | |
| Oznake: |
Označite
Brez oznak, prvi označite!
|
| Thư viện lưu trữ: | Trung tâm Học liệu Trường Đại học Cần Thơ |
|---|
| LEADER | 00504nam a2200181Ia 4500 | ||
|---|---|---|---|
| 001 | CTU_122719 | ||
| 008 | 210402s9999 xx 000 0 und d | ||
| 082 | |a 770 | ||
| 082 | |b A107 | ||
| 245 | 0 | |a Ảnh nghệ thuật: Nông thôn An Giang '93 = | |
| 245 | 0 | |b Art photos AnGiang countryside 1993 | |
| 260 | |a [An Giang] | ||
| 260 | |b [Nxb An Giang] | ||
| 260 | |c 1993 | ||
| 650 | |a Photography | ||
| 650 | |x Artistic | ||
| 904 | |i M.Loan | ||
| 980 | |a Trung tâm Học liệu Trường Đại học Cần Thơ | ||